[Event "Heusenstamm Sparkassen op 11th"]
[Site "Heusenstamm"]
[Date "2024.11.23"]
[Round "5"]
[White "Kramer, Lars"]
[Black "Moldenhauer, Lennart"]
[Result "1-0"]
[WhiteElo "1704"]
[BlackElo "1784"]
[PlyCount "115"]
[EventDate "2024.11.21"]
[EventType "swiss"]
[EventRounds "7"]
[EventCountry "GER"]
[SourceTitle "CB51_2024"]
[SourceDate "2024.12.18"]
[SourceVersion "1"]
[SourceVersionDate "2024.12.18"]
[SourceQuality "1"]

1. e4 g6 2. d4 Bg7 3. Nc3 d6 4. Nf3 a6 5. Be2 Nf6 6. 0-0 0-0 7. Bf4 b5 8. a3 Bb7 9. d5 c5 10. Bd3 Nbd7 11. Re1 Rc8 12. Qd2 Qb6 13. Bf1 Qc7 14. e5 dxe5 15. Nxe5 Nxe5 16. Rxe5 Qd7 17. Rae1 Rfe8 18. Bg5 Rcd8 19. d6 exd6 20. R5e2 Rxe2 21. Rxe2 Re8 22. a4 b4 23. Bxf6 Rxe2 24. Nxe2 Bxf6 25. b3 Qe6 26. Nf4 Qe5 27. Nd3 Qd4 28. Qe2 Qe4 29. Qd2 Qd4 30. Qe2 Qe4 31. Qd2 Kg7 32. Nf4 Bg5 33. Ne6+ Qxe6 34. Qxg5 f6 35. Qg3 h5 36. h4 Qe5 37. f4 Qf5 38. Qe1 Qe4 39. Qg3 Kf7 40. Bd3 Qd4+ 41. Kf1 Be4 42. Bxa6 Bxc2 43. Qf3 d5 44. Bb5 Bd1 45. Qf2 Qxf2+ 46. Kxf2 Bxb3 47. a5 d4 48. a6 Bd5 49. a7 Ke7 50. Bc4 Bc6 51. g3 Ba8 52. Ke2 Kf8 53. Kd3 Kg7 54. Be6 g5 55. Kc4 gxf4 56. gxf4 d3 57. Kxd3 Bg2 58. Kc4 1-0

[Event "Heusenstamm Sparkassen op 11th"]
[Site "Heusenstamm"]
[Date "2024.11.22"]
[Round "2"]
[White "De Reuter, Uwe"]
[Black "Kramer, Lars"]
[Result "1-0"]
[WhiteElo "2012"]
[BlackElo "1704"]
[PlyCount "99"]
[EventDate "2024.11.21"]
[EventType "swiss"]
[EventRounds "7"]
[EventCountry "GER"]
[SourceTitle "CB51_2024"]
[SourceDate "2024.12.18"]
[SourceVersion "1"]
[SourceVersionDate "2024.12.18"]
[SourceQuality "1"]

1. d4 Nf6 2. c4 g6 3. Nc3 Bg7 4. e4 d6 5. Nge2 0-0 6. f3 c5 7. d5 Nbd7 8. Ng3 Nb6 9. Be2 e6 10. 0-0 exd5 11. cxd5 Re8 12. Bg5 h6 13. Bf4 a6 14. Qd2 Kh7 15. a4 Qe7 16. Rfe1 Nbd7 17. h3 Ng8 18. Bd3 Ne5 19. Be2 Qh4 20. Nf1 Qe7 21. Bg3 Nd7 22. f4 b6 23. Bf3 Qf6 24. e5 dxe5 25. Ne4 Qe7 26. d6 Qe6 27. Nf6+ Bxf6 28. Bxa8 e4 29. Rxe4 Bd4+ 30. Kh2 Qxe4 31. Bxe4 Rxe4 32. Re1 Rxe1 33. Qxe1 Ndf6 34. b4 Bd7 35. a5 Nd5 36. axb6 Nxb6 37. Bf2 Nf6 38. bxc5 Bxf2 39. Qxf2 Nbd5 40. Qd4 a5 41. Nd2 a4 42. Nc4 Bb5 43. Na3 Bc6 44. g3 Kg7 45. Nc4 Bb5 46. Ne5 a3 47. d7 Bxd7 48. Nxd7 a2 49. Nxf6 Nxf6 50. c6 1-0

[Event "Marburg op"]
[Site "Marburg"]
[Date "2024.10.27"]
[Round "6"]
[White "Kramer, Lars"]
[Black "Stehning, Ralf"]
[Result "0-1"]
[WhiteElo "1666"]
[BlackElo "1915"]
[PlyCount "88"]
[EventDate "2024.10.24"]
[EventType "swiss"]
[EventRounds "7"]
[EventCountry "GER"]
[SourceTitle "CB16_2025"]
[SourceDate "2025.04.16"]
[SourceVersion "1"]
[SourceVersionDate "2025.04.16"]
[SourceQuality "1"]

1. e4 e5 2. Nf3 Nc6 3. Bb5 a6 4. Ba4 Nf6 5. 0-0 Nxe4 6. d4 b5 7. Bb3 d5 8. dxe5 Be6 9. c3 Be7 10. Re1 0-0 11. Nbd2 Nc5 12. Bc2 d4 13. cxd4 Nxd4 14. Nxd4 Qxd4 15. Nf3 Qxd1 16. Rxd1 Bg4 17. Bf4 Rad8 18. h3 Bh5 19. Rac1 Ne6 20. Be3 c5 21. a4 h6 22. Bb3 c4 23. Bc2 Bc5 24. Bxc5 Nxc5 25. g4 Bg6 26. Bxg6 Rxd1+ 27. Rxd1 fxg6 28. e6 Nxe6 29. Rd6 Rxf3 30. Rxe6 Rf6 31. Re8+ Kf7 32. Rb8 bxa4 33. Rb4 Rc6 34. Rxa4 Ke6 35. Kg2 Kd5 36. Ra5+ Kd4 37. g5 Kd3 38. gxh6 gxh6 39. Re5 Kc2 40. Re2+ Kb3 41. f4 a5 42. h4 h5 43. Kf3 a4 44. f5 Rf6 0-1

[Event "Marburg op"]
[Site "Marburg"]
[Date "2024.10.26"]
[Round "5"]
[White "Ward, Cian"]
[Black "Kramer, Lars"]
[Result "1/2-1/2"]
[WhiteElo "1941"]
[BlackElo "1666"]
[PlyCount "48"]
[EventDate "2024.10.24"]
[EventType "swiss"]
[EventRounds "7"]
[EventCountry "GER"]
[SourceTitle "CB16_2025"]
[SourceDate "2025.04.16"]
[SourceVersion "1"]
[SourceVersionDate "2025.04.16"]
[SourceQuality "1"]

1. e4 e5 2. Nf3 Nc6 3. Bc4 Bc5 4. c3 Nf6 5. d3 d6 6. Nbd2 h6 7. h3 0-0 8. Nf1 Be6 9. Bb3 Bb6 10. g4 Bxb3 11. axb3 d5 12. Qe2 dxe4 13. dxe4 Na5 14. Qc2 Qd6 15. Bd2 Qc6 16. Ng3 Nxb3 17. Qxb3 Nxe4 18. Rf1 Bxf2+ 19. Rxf2 Nxg3 20. 0-0-0 Ne4 21. Rff1 Ng3 22. Rf2 Ne4 23. Rh2 Nc5 24. Qc4 b5 1/2-1/2

[Event "Rheinland Pfalz op 14th"]
[Site "Neuwied"]
[Date "2024.05.30"]
[Round "1"]
[White "Notz, Lukas"]
[Black "Kramer, Lars"]
[Result "1-0"]
[WhiteElo "1997"]
[BlackElo "1672"]
[PlyCount "41"]
[EventDate "2024.05.30"]
[EventType "swiss"]
[EventRounds "7"]
[EventCountry "GER"]
[SourceTitle "CBM 220 Extra"]
[Source "ChessBase"]
[SourceDate "2024.07.31"]
[SourceVersion "1"]
[SourceVersionDate "2024.07.31"]
[SourceQuality "1"]

1. c4 e5 2. Nc3 Nf6 3. Nf3 Nc6 4. e3 d5 5. cxd5 Nxd5 6. Bb5 Nxc3 7. bxc3 Bd6 8. d4 exd4 9. cxd4 Bd7 10. 0-0 a6 11. Bd3 0-0 12. Bb2 Re8 13. e4 Bg4 14. e5 Bb4 15. Qe2 Bxf3 16. Qxf3 Nxd4 17. Qe4 Nc6 18. Rad1 Nxe5 19. Qxh7+ Kf8 20. Qh8+ Ke7 21. Qh4+ 1-0

[Event "Marburg op-B"]
[Site "Marburg"]
[Date "2023.10.29"]
[Round "7"]
[White "Elpelt, Silvia"]
[Black "Kramer, Lars"]
[Result "1/2-1/2"]
[WhiteElo "1464"]
[BlackElo "1558"]
[PlyCount "37"]
[EventDate "2023.10.26"]
[EventType "swiss"]
[EventRounds "7"]
[EventCountry "GER"]
[SourceTitle "CBM 217 Extra"]
[Source "ChessBase"]
[SourceDate "2024.01.31"]
[SourceVersion "1"]
[SourceVersionDate "2024.01.31"]
[SourceQuality "1"]

1. e4 e5 2. Nf3 Nc6 3. Nc3 Nf6 4. Bb5 Nd4 5. d3 Nxb5 6. Nxb5 c6 7. Nc3 Qc7 8. 0-0 Bb4 9. Ne2 0-0 10. c3 Ba5 11. h3 d5 12. Ng3 h6 13. b4 Bb6 14. Re1 Re8 15. Bb2 a5 16. a3 axb4 17. axb4 Bd7 18. Qd2 Rxa1 19. Rxa1 1/2-1/2

[Event "Marburg op-B"]
[Site "Marburg"]
[Date "2023.10.28"]
[Round "5"]
[White "Kramer, Lars"]
[Black "Alugili, Yosef"]
[Result "0-1"]
[WhiteElo "1558"]
[BlackElo "1448"]
[PlyCount "82"]
[EventDate "2023.10.26"]
[EventType "swiss"]
[EventRounds "7"]
[EventCountry "GER"]
[SourceTitle "CBM 217 Extra"]
[Source "ChessBase"]
[SourceDate "2024.01.31"]
[SourceVersion "1"]
[SourceVersionDate "2024.01.31"]
[SourceQuality "1"]

1. d4 Nf6 2. c4 e6 3. Nf3 c5 4. d5 exd5 5. cxd5 d6 6. Nc3 Bg4 7. e4 Nbd7 8. Bg5 Be7 9. h3 Bxf3 10. Qxf3 Nxd5 11. Bxe7 Nxe7 12. Bb5 a6 13. Bxd7+ Qxd7 14. 0-0 0-0 15. Rad1 Nc6 16. Rfe1 Nd4 17. Qd3 Rad8 18. Nd5 Rfe8 19. Nb6 Qc6 20. Nc4 b5 21. Na5 Qc7 22. Nb3 Nc6 23. Qg3 Qb7 24. Rxd6 Rxd6 25. Qxd6 c4 26. Nc5 Qa8 27. e5 Qc8 28. e6 Rxe6 29. Rxe6 fxe6 30. Nxe6 Nb4 31. Qxb4 Qxe6 32. Kf1 Qe5 33. Qe1 Qxe1+ 34. Kxe1 Kf7 35. Ke2 Ke6 36. Ke3 Ke5 37. f4+ Kd5 38. a3 a5 39. g4 b4 40. h4 c3 41. bxc3 bxa3 0-1

[Event "Marburg op-B"]
[Site "Marburg"]
[Date "2023.10.27"]
[Round "3"]
[White "Kramer, Lars"]
[Black "Draude, Theo"]
[Result "1-0"]
[WhiteElo "1558"]
[BlackElo "1446"]
[PlyCount "125"]
[EventDate "2023.10.26"]
[EventType "swiss"]
[EventRounds "7"]
[EventCountry "GER"]
[SourceTitle "CBM 217 Extra"]
[Source "ChessBase"]
[SourceDate "2024.01.31"]
[SourceVersion "1"]
[SourceVersionDate "2024.01.31"]
[SourceQuality "1"]

1. e4 c5 2. Nf3 d6 3. d4 cxd4 4. Nxd4 Nf6 5. Nc3 a6 6. Bd3 e5 7. Nf3 Be6 8. 0-0 Be7 9. Re1 Nc6 10. a3 0-0 11. h3 h6 12. Be3 b5 13. Qd2 Rc8 14. Ne2 d5 15. exd5 Bxd5 16. Bf5 Bxf3 17. Bxc8 Qxd2 18. Bxd2 Bxe2 19. Rxe2 Rxc8 20. Bc3 Bc5 21. Bb4 Bxb4 22. axb4 Nxb4 23. c3 Nd3 24. Rxa6 b4 25. cxb4 Nxb4 26. Rb6 Nd3 27. Rd6 e4 28. Rb6 Rc1+ 29. Kh2 Rf1 30. b4 Rxf2 31. Rxf2 Nxf2 32. Kg1 Nd3 33. Kf1 Kh7 34. Rb7 Kg6 35. b5 Nd5 36. Rd7 Nf6 37. Rd6 Nc5 38. Rc6 Ncd7 39. b6 Nb8 40. Rd6 Kf5 41. b7 Ke5 42. Rd8 Nfd7 43. Kf2 f5 44. g3 Kf6 45. Ke3 g5 46. Rh8 Kg7 47. Re8 h5 48. h4 gxh4 49. gxh4 Nc6 50. Rc8 Ncb8 51. Kf4 Kf6 52. Rh8 Kg6 53. Rg8+ Kf6 54. Rg5 e3 55. Kxe3 Nc5 56. Rxh5 Nxb7 57. Rh6+ Ke5 58. Rb6 Nd6 59. Rxb8 Nf7 60. Rb5+ Kf6 61. Kf4 Nh6 62. Rb6+ Kg7 63. Kg5 1-0